000
00324nam a22001337a 4500
008
210224b ||||| |||| 00| 0 eng d
020
_a
9780618681846
041
_a
eng
080
_2
7th Edition
_a
510
100
_a
36
101
_a
MAT
245
_a
Intermediate Algebra An Applied Approach
_c
Aufmann,N.R
942
_2
udc
_c
BK
999
_c
55140
_d
55140